Normal view
MARC view
- Youniss, James.
Entry Personal Name
001 - CONTROL NUMBER
- control field: 2908
003 - CONTROL NUMBER IDENTIFIER
- control field: OSt
005 - DATE AND TIME OF LATEST TRANSACTION
- control field: 20170509155523.0
008 - FIXED-LENGTH DATA ELEMENTS
- fixed length control field: 170509|| aca||aabn | a|a d
040 ## - CATALOGING SOURCE
- Original cataloging agency: OSt
- Transcribing agency: OSt
100 ## - HEADING--PERSONAL NAME
- Personal name: Youniss, James.
670 ## - SOURCE DATA FOUND
- Source citation: Work cat.: (OSt): Youniss, James., Parents and peers in social development /

PORTAL AKMAL
E-MEL JKDM
AKMAL2U
G-BAM
u-PUSTAKA